000 02087nam a2200505 c 4500
999 _c49058
_d49058
001 49058
003 ES-MaCES
005 20250526142654.0
007 cr |||||||||||
008 170322s2016 sp 100 ||spa d
017 _aNA 2172-2016
_bDL
020 _a9788490997369
040 _aES-MaCES
_bspa
_cES-MaCES
245 0 0 _aEstudios sobre los diversos aspectos jurídicos del trabajo de la mujer
_cdir., Rosa Mayor Amador ; coord., Carolina Serrano Falcón ; pr., María Emilia Casas Baamonde
250 _a1ª ed
260 _aCizur Menor (Navarra)
_bAranzadi-Thomson Reuters
_c2016
300 _a657 p.
_c25 cm
490 1 _aEstudios
500 _aRecoge las ponencias presentadas el el I Congreso Internacional "Mujer, Trabajo y Derecho", celebrado en la Universidad de Granada los días 28 y 29 de abril de 2015
500 _aDisponible en formato electrónico mediante la aplicación PROVIEW
504 _aBibliografía
541 _cCompra
650 4 _amujeres
_928657
650 4 _atrabajadora
_928413
650 4 _aderechos de la mujer
_927173
650 4 _adiscriminación por razones de sexo
_929521
650 4 _aigualdad de oportunidades en el empleo
_930649
650 4 _arelaciones laborales
_928369
650 4 _apolítica de empleo
_928300
650 4 _acontratación
_928323
650 4 _alegislación de seguridad social
_929855
650 4 _aderecho del trabajo
_927165
650 4 _aderecho comunitario
_929866
650 4 _aEspaña
_926964
650 4 _aconferencia
_927013
653 1 0 _aMujer
700 1 _937944
_aMayor Amador, Rosa
_edir.
700 1 _923912
_aSerrano Falcón, Carolina
_ecoord.
700 1 _99200
_aCasas Baamonde, María Emilia
_epr.
711 2 _937945
_aCongreso Internacional "Mujer, Trabajo y Derecho", celebrado en la Universidad de Granada los días 28 y 29 de abril de 2015
_n
_d2015
_cGranada
830 0 _aEstudios (Thomson Reuters-Aranzadi)
_934937
856 4 _uhttps://legalteca.aranzadilaley.es/my-library?sponsor=82111144-IP
_yLegalteca
902 _aLIB Libro
942 _2CES
_cBK
_h3.3.